|
|
|
|
| LEADER |
01111nam a22002297a 4500 |
| 001 |
4402 |
| 003 |
BD-DhAAL |
| 005 |
20141124112001.0 |
| 008 |
141124s1988 bg a|||| |||| 00| 0 ben d |
| 040 |
|
|
|a BD-DhAAL
|c BD-DhAAL
|
| 041 |
|
|
|a BEN
|
| 082 |
|
|
|2 22
|a 346.5492015
|
| 100 |
|
|
|a রহমান, গাজী শামছুর
|9 6154
|
| 245 |
|
|
|a পারিবারিক আদালত আইন :
|b পারিবারিক আদালত অধ্যাদেশের ভাষ্য ১৯৮৫ সালের ১৮ নং অধ্যাদেশ /
|c গাজী শামছুর রহমান
|
| 260 |
|
|
|a ঢাকা :
|b খোশরোজ কিতাব মহল,
|c ১৯৮৮
|
| 300 |
|
|
|a ২৯২ পৃ. ;
|b ২২ সে. মি.
|
| 541 |
|
|
|e 4402
|
| 650 |
|
|
|a Domestic relations courts
|z Bangladesh.
|9 6155
|
| 852 |
|
|
|a Ayesha Abed Library
|c General Stacks
|
| 942 |
|
|
|2 ddc
|c BK
|
| 999 |
|
|
|c 33111
|d 33111
|
| 952 |
|
|
|0 0
|1 0
|2 ddc
|4 0
|6 346_549201500000000_RAH
|7 0
|9 44192
|a BRACUL
|b BRACUL
|c GEN
|d 2014-11-24
|g 100.00
|l 5
|m 18
|o 346.5492015 RAH
|p 3010004402
|r 2019-07-08
|s 2019-07-01
|t 1
|w 2014-11-24
|y BK
|